000 01049nam a2200301 i 4500
003 EG-GICUC
005 20260121101216.0
008 251112s1960 ua ||||fr|||| 00| 0 ara d
040 _a EG-GICUC
_bara
_c EG-GICUC
_d EG-GICUC
_erda
041 0 _aara
082 0 4 _221
_a345
_bع ث . ق
092 0 4 _221
099 _aLaw1 07 345 ع ث . ق 4 ed - 1960
100 0 _aعثمان خليل
_eمؤلف.
245 1 2 _aالقانون الإداري /
_cالدكتور عثمان خليل.
250 _aالطبعة الرابعة
264 1 _aالقاهرة :
_bمكتبة الأنجلو المصرية،
_c1960.
300 _a432 ؛صفحة
_c24 سم.
336 _2rda content
_atext
337 _2rda media
_aComputer
338 _2rda carrier
_aOnline Resource
504 _aيشتمل على إرجاعات ببليوغرافية.
546 _aالنص باللغة العربية
650 1 4 _aالقانون الإداري
856 4 0 _uhttps://fll.law.cu.edu.eg/fulltext/bks/B07-00446.pdf
905 _a32
942 _2ddc
_cBK
_e21
_n0
999 _c42966
_d42966